000 00470nam a22001817a 4500
005 20251108164910.0
008 250721s1982 xx 000 0 ara d
082 1 4 _a811.9611/عم
100 1 _aخميس، عم
245 1 0 _aبابور زمر /
264 1 _aتونس :
_bدار رسم للنشر،
_c1982.
300 _a62ص
650 1 7 _aالشعر العربي
650 1 7 _aالعصر الحديث
650 1 7 _aتونس
942 _2ddc
_cBK
999 _c16993
_d16993